Statistics for Top Two Mineral Producing Countries

Click here to take the quiz!

General Stats

  • This quiz has been taken 41 times
  • The average score is 43 of 46

Answer Stats

Hint Answer % Correct
CoalChina
100%
United States
100%
Russia
100%
Canada
100%
ThoriumIndia
100%
Australia
100%
Saudi Arabia
92%
ManganeseSouth Africa
92%
Mexico
89%
CopperChile
89%
UraniumKazakhstan
76%
Indonesia
70%
Botswana
68%
NickelPhilippines
19%

Score Distribution

Percentile by Number Answered

Percent of People with Each Score

Your Score History

You have not taken this quiz